Statistics for Country Neighbour Connect: First Capital Alphabetically, starting with World's First Capital in Alphabetical Order

Click here to take the quiz!

General Stats

  • This quiz has been taken 83 times
  • The average score is 100 of 154

Answer Stats

COUNTRY % Correct
United Arab Emirates
100%
Saudi Arabia
95%
Oman
95%
Jordan
92%
Serbia
84%
Macedonia
84%
Turkey
84%
Greece
84%
Iraq
84%
Belarus
82%
Russia
82%
Ukraine
82%
Moldova
82%
Romania
82%
Hungary
82%
Slovakia
82%
Tajikistan
79%
Kyrgyzstan
79%
China
79%
Turkmenistan
79%
Kazakhstan
79%
Afghanistan
79%
Bangladesh
76%
India
76%
Georgia
76%
Burma
76%
Iran
76%
Pakistan
76%
Uzbekistan
76%
Cambodia
76%
Malaysia
76%
Thailand
76%
Poland
74%
Germany
74%
Finland
74%
Indonesia
74%
Bhutan
74%
Sweden
74%
Norway
74%
Armenia
74%
Brunei
74%
Papua New Guinea
74%
East Timor
74%
Azerbaijan
74%
Vietnam
74%
Nepal
74%
Andorra
71%
Portugal
71%
Spain
71%
Mali
71%
France
71%
Algeria
71%
Morocco
71%
Ireland
71%
United Kingdom
71%
Latvia
71%
Mongolia
71%
Luxembourg
71%
North Korea
71%
Estonia
71%
South Korea
71%
Lithuania
71%
Belgium
71%
Netherlands
71%
Ghana
68%
Côte d'Ivoire
68%
Togo
68%
Liberia
68%
Nigeria
68%
Burkina Faso
68%
Niger
68%
Guinea
68%
Laos
68%
Guinea-Bissau
68%
Sierra Leone
68%
Mauritania
68%
Gambia
68%
Senegal
68%
Kenya
66%
Djibouti
66%
Sudan
66%
Somalia
66%
Israel
66%
Eritrea
66%
Lebanon
66%
Egypt
66%
Ethiopia
66%
Democratic Republic of the Congo
66%
Republic of the Congo
66%
Chad
66%
Burundi
66%
Central African Republic
66%
Tanzania
66%
South Sudan
66%
Syria
63%
Uganda
63%
South Africa
61%
Swaziland
61%
Lesotho
61%
Angola
61%
Zimbabwe
61%
Namibia
61%
Mozambique
61%
Rwanda
61%
Malawi
61%
Zambia
61%
Botswana
61%
Libya
58%
Gabon
58%
Equatorial Guinea
58%
Tunisia
58%
Austria
55%
Montenegro
53%
Kosovo
53%
Bosnia and Herzegovina
53%
Brazil
53%
Liechtenstein
53%
Albania
53%
Croatia
53%
Cameroon
53%
Italy
53%
Switzerland
53%
Czech Republic
53%
Slovenia
53%
Peru
50%
Venezuela
50%
Bolivia
50%
Colombia
50%
Paraguay
50%
Argentina
50%
San Marino
50%
Belize
47%
Guatemala
47%
Mexico
47%
United States
47%
Honduras
47%
Canada
47%
Benin
47%
Guyana
47%
Vatican City
47%
Nicaragua
47%
Suriname
47%
Panama
47%
Costa Rica
47%
Chile
45%
Ecuador
45%
El Salvador
45%
Uruguay
42%
Monaco
39%
Yemen
34%
Qatar
34%
Denmark
32%
Kuwait
26%
Bulgaria
16%

Score Distribution

Percentile by Number Answered

Percent of People with Each Score

Your Score History

You have not taken this quiz